000 00464nam a2200181 i 4500
001 bg
100 1 _aBREZULA, L'udovit
245 0 _aRopa - problem współczesnego świata /
_cL. Brezula, A. Mizgalska.
260 _aWarszawa,
_c1983.
490 1 _aOmega ;
_v380
700 1 _aMIZGALSKA, Anna
830 _aOmega ;
040 _cBPK
041 _apol
080 _a338.45:656.6/.7:339.9](100)"19"
942 _cKS
008 s pl f |000 0 pol
999 _c1947
_d1947